01479nam a2200277 a 450000100100000000500170001000800410002702000180006804000250008608200160011110000420012724501440016926000390031330000310035250000630038350400260044659000270047270000430049970000480054295201200059095201200071095201200083095201140095095201200106499900170118400004871220201002061341.0190314s2016 dr c 000 0 spa d a9789945600476 aDO-SdBNPbspacBNPHU axxxxbR934o1 aRuiz, Ramón Bolívard1930-97616910aOrigen y desarrollo de la educación Bonaense /cRamón Bolívar Ruiz, Ysabel Fabré de Morel ; prólogo Rafael Guaroa Moreta Batista. aSanto Domingo :bSantuario,c2016. a141 p. :bretrs. ;c22 cm. aIncluye datos biografícos de los autores en las solapas. aBibliografía p: 141 aInventariado, 2019/ YL12aFabré de Morel, Ysabeld1958-97617012aMoreta Batista, Rafael Guaroaeprol.976171 0010718DSaGRbGRcCTd2019-04-10iLF1l0oxxxx R934op48712-30r2020-06-25te. 3w2020-06-25yLFDSZNo se presta 0010718DSaGRbGRcCTd2019-04-10iLF1l0oxxxx R934op48712-40r2020-06-25te. 4w2020-06-25yLFDSZNo se presta 0010718DSaGRbGRcCTd2019-04-10iLF1l0oxxxx R934op48712-50r2020-06-25te. 5w2020-06-25yLFDSZNo se presta 0010718PDaPDbPDcCTd2019-04-10iLF1l0oxxxx R934op48712-10r2020-06-25w2020-06-25yLFPDZNo se presta 0010718PDaPDbPDcCTd2019-04-10iLF1l0oxxxx R934op48712-20r2020-06-25te. 2w2020-06-25yLFPDZNo se presta c48200d48200